000 00662nam a22002297a 4500
003 UA-OsUOA
001 33907
007 ta
008 20050916b un ||||| |||| 00| 0 ukr d
100 _aСанцевич А. В.
090 _a930.1
_bС18
942 _cBK
040 _aUA-OsUOA
_brus
_cUA-OsUOA
_dUA-OsUOA
245 _aМетодика исторического исследования
300 _a184 с.
955 _a2
041 _arus
080 _a930.1
260 _aК.
_bНаукова думка
_c1984
650 7 _a930 Історична наука. Допоміжні історичні дисципліни
_2UDC
999 _c320362
_d320362